Nairang e Zamana ( Muntakhib mazameen ka majmoa) (Record no. 71639)

000 -LEADER
fixed length control field 00408nam a22001577a 4500
003 - CONTROL NUMBER IDENTIFIER
control field NUST - PNEC
005 - DATE AND TIME OF LATEST TRANSACTION
control field 20170116181206.0
008 - FIXED-LENGTH DATA ELEMENTS--GENERAL INFORMATION
fixed length control field 160920b xxu||||| |||| 00| 0 eng d
020 ## - INTERNATIONAL STANDARD BOOK NUMBER
International Standard Book Number -
040 ## - CATALOGING SOURCE
Transcribing agency LIBRARY
082 ## - DEWEY DECIMAL CLASSIFICATION NUMBER
Classification number 080 HAL
100 ## - MAIN ENTRY--PERSONAL NAME
9 (RLIN) 16834
Personal name Hali, Sultan Mohammad
245 ## - TITLE STATEMENT
Title Nairang e Zamana ( Muntakhib mazameen ka majmoa)
Statement of responsibility, etc. Sultan Mohammad Hali
650 ## - SUBJECT ADDED ENTRY--TOPICAL TERM
General subdivision General
942 ## - ADDED ENTRY ELEMENTS (KOHA)
Source of classification or shelving scheme
Koha item type Book
Holdings
Withdrawn status Lost status Source of classification or shelving scheme Damaged status Not for loan Permanent Location Current Location Shelving location Date acquired Source of acquisition Cost, normal purchase price Total Checkouts Full call number Barcode Date last seen Price effective from Koha item type
          Pakistan Navy Engineering College (PNEC) Pakistan Navy Engineering College (PNEC)   08/11/2016 ZS Book Agency 995.00   080 HAL PNECLIB-032699 09/20/2016 08/11/2016 Book
          Pakistan Navy Engineering College (PNEC) Pakistan Navy Engineering College (PNEC)   08/11/2016 ZS Book Agency 995.00   080 HAL PNECLIB-032700 09/20/2016 08/11/2016 Book
© 2023 Central Library, National University of Sciences and Technology. All Rights Reserved.